| 000 | 00969cam a2200277 a 4500 | ||
|---|---|---|---|
| 005 | 20260322212050.0 | ||
| 008 | data | ||
| 010 | _a 91019086 | ||
| 020 | _a0446515752 | ||
| 020 | _a9780446515757 | ||
| 040 |
_aDLC _cDLC _dDLC |
||
| 050 | 0 | 0 |
_aBF1078 _b.T36 1992 |
| 082 | 0 | 0 |
_a154.6/3 _220 |
| 092 | _a155.6 Tay 1992 | ||
| 100 | 1 |
_aTaylor, Jeremy, _d1943- |
|
| 245 | 1 | 0 |
_aWhere people fly and water runs uphill : _busing dreams to tap the wisdom of the unconsious / _cJeremy Taylor. |
| 260 |
_aNew York, NY : _bWarner Books, _cc1992. |
||
| 300 |
_ax, 292 p. ; _c24 cm. |
||
| 504 | _aIncludes bibliographical references. | ||
| 650 | 0 | _aDreams. | |
| 906 |
_a7 _bcbc _corignew _d1 _eocip _f19 _gy-gencatlg |
||
| 925 | 0 |
_aacquire _b1 shelf copy _xpolicy default |
|
| 991 |
_bc-GenColl _hBF1078 _i.T36 1992 _p00001357839 _tCopy 1 _wBOOKS |
||
| 001 | data | ||
| 999 |
_c1193 _d1193 |
||